MARC

LEADER 00000cas a2200000 a 4500
001 vtls008297907
003 SK-MaSNL
005 20260228155823.0
008 050916c19499999xr qr|p 0 b0cze d
022 |a 0323-1267 
035 |a (SVKBB03)vtls000048742 
040 |a SVKPO  |b slo  |c SVKPO  |d SNK  |d SAVUK  |e AACR2 
041 0 |a cze  |b eng  |b fre 
044 |a xr  |c CZ 
072 7 |a 902  |x Archeológia 
080 |a 902  |2 2001 
080 |a 070.486  |2 2001 
210 0 |a Archeol. rozhl.  |b (Praha) 
222 0 |a Archeologické rozhledy  |b (Praha) 
245 0 0 |a Archeologické rozhledy 
260 |a Praha  |b Nakladatelství ČSAV  |c 1949- 
260 2 |3 1966-1992  |a Praha  |b Academia 
260 3 |3 1993-  |a Praha  |b Archeologický ústav Akademie věd České republiky 
300 |a zv.  |c 24 cm 
310 |a 4x ročne  |b 1991- 
321 |a 6x ročne  |b 1952-1990 
321 |a 4x ročne  |b 1949-1951 
500 |a Podnázov: informační orgán archeologických a příbuzných vědeckých ústavů v ČSSR 
500 |a Od r. 2000 bez podnázvu 
504 |a Bibliogr. odkazy 
546 |a Angl. alebo franc. res. 
650 0 7 |a archeológia  |2 SNKPH  |9 4974 
650 0 7 |a Archaeology  |2 SNKPHeng  |9 265389 
655 7 |a odborné časopisy  |2 SNKPH  |9 70505 
655 7 |a Professional journals  |2 SNKPHeng  |9 265007 
852 |a Štátna vedecká knižnica v Banskej Bystrici 
852 |a Štátna vedecká knižnica v Prešove 
856 4 1 |u http://www.arup.cas.cz/cz/publikace/rozhledy.html 
856 4 |u http://kramerius.lib.cas.cz/kramerius/PShowPeriodical.do?id=2026&it=0 
856 4 |u http://www.arup.cas.cz 
856 4 |u http://www.arup.cas.cz/?cat=69 
910 |a snk 
910 |a snmk 
910 |a savuk 
999 |c 674  |d 674 
952 |0 0  |1 0  |4 0  |7 0  |8 4  |a SNK  |b SNK  |d 2020-11-25  |i snk2020/21027  |l 0  |o snkČD 93/70/2018  |p 17A1432241  |r 2026-02-21 19:24:27  |t č. 1-4  |w 2026-02-21  |y PREZ 
952 |0 0  |1 0  |4 0  |7 0  |8 0  |a SNK  |b SNK  |d 1997-03-26  |i snkČIP 1687/90  |l 0  |o snkČD 93/41/1989  |p 17A0057369  |r 2005-01-02 00:00:00  |t č. 1-6  |w 2026-02-21  |y PREZ 
952 |0 0  |1 1  |4 0  |7 0  |a SNK  |b SNK  |d 1997-04-10  |l 0  |o snkČD 93/35/1983  |p 17A0058927  |r 2005-01-02 00:00:00  |w 2026-02-21  |y PREZ 
952 |0 0  |1 0  |4 0  |7 0  |8 0  |a SNK  |b SNK  |d 1997-04-11  |i snkČIP 628/62  |l 0  |o snkČD 93/13/1961  |p 17A0058847  |r 2005-01-02 00:00:00  |t č. 1-6  |w 2026-02-21  |y PREZ 
952 |0 0  |1 1  |4 0  |7 0  |a SNK  |b SNK  |d 2003-08-15  |i snkČIP 3783/61  |l 0  |o snkČD 93/12/1960  |p 17A0394121  |r 2005-01-02 00:00:00  |t č. 1-6  |w 2026-02-21  |y PREZ 
952 |0 0  |1 1  |4 0  |7 0  |a SNK  |b SNK  |d 1997-04-11  |l 0  |o snkČD 93/14/1962  |p 17A0058846  |r 2005-01-02 00:00:00  |w 2026-02-21  |y PREZ 
952 |0 0  |1 1  |4 0  |7 0  |a SNK  |b SNK  |d 1999-12-20  |l 0  |o snkČD 93/6/1954  |p 17A0221293  |r 2005-01-02 00:00:00  |w 2026-02-21  |y PREZ 
952 |0 0  |1 1  |4 0  |7 0  |a SNK  |b SNK  |d 1999-12-20  |l 0  |o snkČD 93/5/1953  |p 17A0221295  |r 2005-01-02 00:00:00  |w 2026-02-21  |y PREZ 
952 |0 0  |1 0  |4 0  |7 0  |8 4  |a SNK  |b SNK  |d 2021-06-07  |i snk2021/6396  |l 0  |o snkČD 93/71/2019  |p 17A1433307  |r 2026-02-21 19:29:10  |t č. 1-4  |w 2026-02-21  |y PREZ 
952 |0 0  |1 0  |4 0  |7 0  |8 3  |a SNK  |b SNK  |d 2023-09-12  |i snk2023/13096  |l 0  |o snkČD 93/72/2020  |p 17A1521218  |r 2026-02-21 19:29:38  |t č. 1-4  |w 2026-02-21  |y PREZ 
952 |0 0  |1 1  |3 rekatalogizácia  |4 0  |7 0  |8 0  |a SNK  |b SNK  |d 2005-08-22  |i snkČIP 386/71  |l 0  |o snkČD 93/22/1970  |p 17A0481931  |r 2026-02-21 19:29:53  |t č. 1-6  |w 2026-02-21  |y PREZ 
952 |0 0  |1 1  |4 0  |7 0  |8 4  |a SNK  |b SNK  |d 2010-03-12  |i snk2010/5032  |l 0  |o snkČD 93/60/2008/1  |p 17A0635415  |r 2026-02-21 19:31:47  |t č. 1-2  |w 2026-02-21  |y PREZ 
952 |0 0  |1 1  |4 0  |7 0  |8 4  |a SNK  |b SNK  |d 2010-03-12  |i snk2010/5033  |l 0  |o snkČD 93/60/2008/2  |p 17A0635416  |r 2026-02-21 19:31:47  |t č. 3-4 + obsah v č. 4  |w 2026-02-21  |y PREZ 
952 |0 0  |1 1  |4 0  |7 0  |a SNK  |b SNK  |d 2014-01-08  |i snk2000/2762  |l 0  |o snkČD 93/49/1997  |p 17A1023048  |r 2026-02-21 19:43:42  |t č. 2-4  |w 2026-02-21  |y PREZ 
952 |0 0  |1 0  |4 0  |7 1  |8 4  |a SNK  |b SNK  |d 2016-06-27  |i snk2016/16467  |l 0  |o snkČD 93/66/2014  |p 17A1100380  |r 2026-02-21 20:08:42  |t č. 1-4  |w 2026-02-21  |y NEVYP 
952 |0 0  |1 0  |4 0  |7 0  |8 3  |a SNK  |b SNK  |d 2025-10-03  |i snk2025/15618  |l 0  |o snkČD 93/73/2021  |p 17A1557715  |r 2026-02-21 20:10:09  |t č. 1-4  |w 2026-02-21  |y PREZ 
952 |0 0  |1 0  |4 0  |7 0  |8 3  |a SNK  |b SNK  |d 2025-10-03  |i snk2025/15626  |l 0  |o snkČD 93/74/2022  |p 17A1557716  |r 2026-02-21 20:10:09  |t č. 1-4  |w 2026-02-21  |y PREZ 
952 |0 0  |1 0  |4 0  |7 0  |8 3  |a SNK  |b SNK  |d 2025-11-13  |i snk2025/18317  |l 0  |o snkČD 93/75/2023  |p 17A1558162  |r 2026-02-21 20:10:50  |t č. 1-4  |w 2026-02-21  |y PREZ 
952 |0 0  |1 1  |3 rekatalogizácia  |4 0  |7 0  |a SNK  |b SNK  |d 2006-12-01  |i snkČIP 1341/88  |l 0  |o snkČD 93/39/1987  |p 17A0530749  |r 2026-02-21 20:14:42  |t č. 1-6  |w 2026-02-21  |y PREZ 
952 |0 0  |1 1  |3 rekatalogizácia  |4 0  |7 0  |a SNK  |b SNK  |d 2007-08-23  |i snkČIP 2321/67  |l 0  |o snkČD 93/18/1966  |p 17A0557880  |r 2026-02-21 20:14:44  |w 2026-02-21  |y PREZ 
952 |0 0  |1 0  |4 0  |7 0  |a SNK  |b SNK  |d 2004-06-10  |i snkČIP 1785/68  |l 0  |o snkČD 93/19/1967  |p 17A0430911  |r 2005-01-02 00:00:00  |t č. 1-6  |w 2026-02-21  |y PREZ 
952 |0 0  |1 1  |4 0  |7 0  |8 4  |a SNK  |b SNK  |d 2011-09-05  |i snk2011/18298  |l 0  |o snkČD 93/61/2009/1  |p 17A0694337  |r 2026-02-21 20:17:03  |t č. 1-2  |w 2026-02-21  |y PREZ 
952 |0 0  |1 1  |4 0  |7 0  |8 4  |a SNK  |b SNK  |d 2011-09-05  |i snk2011/18307  |l 0  |o snkČD 93/61/2009/2  |p 17A0694338  |r 2026-02-21 20:17:03  |t č. 3-4  |w 2026-02-21  |y PREZ 
952 |0 0  |1 1  |4 0  |7 0  |8 4  |a SNK  |b SNK  |d 2012-03-20  |i snk2012/6593  |l 0  |o snkČD 93/62/2010  |p 17A0672173  |r 2026-02-21 20:26:47  |t č. 1-4  |w 2026-02-21  |y PREZ 
952 |0 0  |1 1  |3 rekatalogizácia  |4 0  |7 0  |a SNK  |b SNK  |d 2007-08-23  |i snkČIP 519/65  |l 0  |o snkČD 93/16/1964  |p 17A0523511  |r 2026-02-21 20:29:03  |w 2026-02-21  |y PREZ 
952 |0 0  |1 1  |4 0  |7 0  |a SNK  |b SNK  |d 2001-01-16  |l 0  |o snkČD 93/8/1956  |p 17A0265772  |r 2005-01-02 00:00:00  |w 2026-02-21  |y PREZ 
952 |0 0  |1 1  |4 0  |7 0  |a SNK  |b SNK  |d 2003-05-20  |i snkČIP 566/77  |l 0  |o snkČD 93/25/1973  |p 17A0383710  |r 2005-01-02 00:00:00  |t č. 1-6  |w 2026-02-21  |y PREZ 
952 |0 0  |1 1  |3 rekatalogizácia  |4 0  |7 0  |a SNK  |b SNK  |d 2007-03-20  |i snkČIP 2443/86  |l 0  |o snkČD 93/37/1985  |p 17A0542225  |r 2026-02-21 20:38:30  |t č. 1-6  |w 2026-02-21  |y PREZ 
952 |0 0  |1 1  |4 0  |7 0  |8 4  |a SNK  |b SNK  |d 2013-05-28  |i snk2013/12164  |l 0  |o snkČD 93/63/2011  |p 17A0869007  |r 2026-02-21 20:41:19  |t č. 1-4  |w 2026-02-21  |y PREZ 
952 |0 0  |1 1  |4 0  |7 0  |a SNK  |b SNK  |d 1997-12-18  |l 0  |o snkČD 93/7/1955  |p 17A0114803  |r 2005-01-02 00:00:00  |w 2026-02-21  |y PREZ 
952 |0 0  |1 1  |4 0  |7 0  |a SNK  |b SNK  |d 2001-02-16  |l 0  |o snkČD 93/34/1982  |p 17A0268567  |r 2005-01-02 00:00:00  |w 2026-02-21  |y PREZ 
952 |0 0  |1 1  |4 0  |7 0  |a SNK  |b SNK  |d 2003-02-07  |l 0  |o snkČD 93/31/1979  |p 17A0370867  |r 2005-01-02 00:00:00  |t č. 1-6  |w 2026-02-21  |y PREZ 
952 |0 0  |1 1  |4 0  |7 0  |8 4  |a SNK  |b SNK  |d 2008-03-17  |i snk2008/6483  |l 0  |o snkČD 93/58/2006/1  |p 17A0574718  |r 2026-02-21 20:49:16  |t č. 1-2  |w 2026-02-21  |y PREZ 
952 |0 0  |1 1  |4 0  |7 0  |8 4  |a SNK  |b SNK  |d 2008-03-17  |i snk2008/6484  |l 0  |o snkČD 93/58/2006/2  |p 17A0574680  |r 2026-02-21 20:49:16  |t č. 3-4  |w 2026-02-21  |y PREZ 
952 |0 0  |1 1  |4 0  |7 0  |a SNK  |b SNK  |d 1998-04-30  |l 0  |o snkČD 93/17/1965  |p 17A0137232  |r 2005-01-02 00:00:00  |w 2026-02-21  |y PREZ 
952 |0 0  |1 0  |3 rekatalogizácia  |4 0  |7 0  |a SNK  |b SNK  |d 2007-08-23  |i snkČIP 2892/93  |l 0  |o snkČD 93/43/1991  |p 17A0557722  |r 2026-02-21 21:00:48  |t č. 1-4 + obsah  |w 2026-02-21  |y PREZ 
952 |0 0  |1 1  |3 rekatalogizácia  |4 0  |7 0  |a SNK  |b SNK  |d 2007-08-23  |i snkČIP 208/72  |l 0  |o snkČD 93/23/1971  |p 17A0557962  |r 2026-02-21 21:00:48  |w 2026-02-21  |y PREZ 
952 |0 0  |1 0  |3 rekatalogizácia  |4 0  |7 0  |a SNK  |b SNK  |d 2007-08-16  |i snkČIP 26/59  |l 0  |o snkČD 93/10/1958  |p 17A0542847  |r 2026-02-21 21:01:03  |t č. 1-6  |w 2026-02-21  |y PREZ 
952 |0 0  |1 0  |4 0  |7 0  |8 4  |a SNK  |b SNK  |d 2015-02-16  |i snk2015/5670  |l 0  |o snkČD 93/64/2012  |p 17A0871830  |r 2026-02-21 21:03:56  |t č. 1-4  |w 2026-02-21  |y PREZ 
952 |0 0  |1 1  |4 0  |7 0  |a SNK  |b SNK  |d 2001-11-05  |l 0  |o snkČD 93/4/1952  |p 17A0321899  |r 2005-01-02 00:00:00  |w 2026-02-21  |y PREZ 
952 |0 0  |1 1  |3 rekatalogizácia  |4 0  |7 0  |a SNK  |b SNK  |d 2005-01-20  |i snkČIP 2949/60  |l 0  |o snkČD 93/11/1959  |p 17A0351113  |r 2026-02-21 21:10:43  |t č. 1-6  |w 2026-02-21  |y PREZ 
952 |0 0  |1 1  |3 rekatalogizácia  |4 0  |7 0  |a SNK  |b SNK  |d 2007-08-23  |i snkl827/50  |l 0  |o snkČD 93/1/1949  |p 17A0557925  |r 2026-02-21 21:11:33  |w 2026-02-21  |y PREZ 
952 |0 0  |1 1  |3 rekatalogizácia  |4 0  |7 0  |a SNK  |b SNK  |d 2007-08-23  |i snkČIP 377/79  |l 0  |o snkČD 93/30/1976  |p 17A0542538  |r 2026-02-21 21:11:33  |w 2026-02-21  |y PREZ 
952 |0 0  |1 1  |3 rekatalogizácia  |4 0  |7 0  |a SNK  |b SNK  |d 2007-08-23  |i snkČIP 771/77  |l 0  |o snkČD 93/28/1976  |p 17A0557924  |r 2026-02-21 21:11:33  |w 2026-02-21  |y PREZ 
952 |0 0  |1 1  |3 rekatalogizácia  |4 0  |7 0  |a SNK  |b SNK  |d 2007-08-23  |i snkČIP 432/75  |l 0  |o snkČD 93/26/1974  |p 17A0532213  |r 2026-02-21 21:11:33  |w 2026-02-21  |y PREZ 
952 |0 0  |1 1  |3 rekatalogizácia  |4 0  |7 0  |a SNK  |b SNK  |d 2007-08-23  |i snkČIP 5941/91  |l 0  |o snkČD 93/42/1990  |p 17A0557879  |r 2026-02-21 21:11:33  |w 2026-02-21  |y PREZ 
952 |0 0  |1 1  |3 rekatalogizácia  |4 0  |7 0  |a SNK  |b SNK  |d 2007-08-23  |i snkČIP 719/85  |l 0  |o snkČD 93/36/1984  |p 17A0532216  |r 2026-02-21 21:11:33  |w 2026-02-21  |y PREZ 
952 |0 0  |1 1  |3 rekatalogizácia  |4 0  |7 0  |a SNK  |b SNK  |d 2007-08-23  |i snkČIP 1229/87  |l 0  |o snkČD 93/38/1986  |p 17A0553120  |r 2026-02-21 21:11:33  |w 2026-02-21  |y PREZ 
952 |0 0  |1 0  |4 0  |7 0  |8 4  |a SNK  |b SNK  |d 2015-02-23  |i snk2015/6396  |l 0  |o snkČD 93/65/2013  |p 17A1047234  |r 2026-02-21 21:14:54  |t č. 1-4  |w 2026-02-21  |y NEVYP 
952 |0 0  |1 1  |4 0  |7 0  |a SNK  |b SNK  |d 1998-10-09  |l 0  |o snkČD 93/24/1972  |p 17A0164919  |r 2005-01-02 00:00:00  |w 2026-02-21  |y PREZ 
952 |0 0  |1 1  |4 0  |7 0  |a SNK  |b SNK  |d 2004-06-10  |i snkČIP 2260/69  |l 0  |o snkČD 93/20/1968  |p 17A0430880  |r 2005-01-02 00:00:00  |w 2026-02-21  |y PREZ 
952 |0 0  |1 1  |4 0  |7 0  |a SNK  |b SNK  |d 1998-10-09  |l 0  |o snkČD 93/40/1988  |p 17A0164921  |r 2005-01-02 00:00:00  |w 2026-02-21  |y PREZ 
952 |0 0  |1 1  |4 0  |7 0  |a SNK  |b SNK  |d 1998-10-09  |l 0  |o snkČD 93/15/1963  |p 17A0164835  |r 2005-01-02 00:00:00  |w 2026-02-21  |y PREZ 
952 |0 0  |1 1  |4 0  |7 0  |a SNK  |b SNK  |d 1998-10-09  |l 0  |o snkČD 93/27/1975  |p 17A0164748  |r 2005-01-02 00:00:00  |w 2026-02-21  |y PREZ 
952 |0 0  |1 0  |4 0  |7 0  |a SNK  |b SNK  |d 2002-01-02  |i snkČIP 517/78  |l 0  |o snkČD 93/29/1977  |p 17A0327152  |r 2005-01-02 00:00:00  |t č. 1-6  |w 2026-02-21  |y PREZ 
952 |0 0  |1 1  |4 0  |7 0  |a SNK  |b SNK  |d 2005-01-21  |i snkČIP 269/82  |l 0  |o snkČD 93/33/1981  |p 17A0351816  |r 2026-02-21 21:20:32  |w 2026-02-21  |y PREZ 
952 |0 0  |1 1  |4 0  |7 0  |a SNK  |b SNK  |d 1999-02-24  |l 0  |o snkČD 93/2/1950  |p 17A0182550  |r 2005-01-02 00:00:00  |w 2026-02-21  |y PREZ 
952 |0 0  |1 1  |4 0  |7 0  |a SNK  |b SNK  |d 2001-08-09  |l 0  |o snkČD 93/3/1951  |p 17A0309124  |r 2005-01-02 00:00:00  |w 2026-02-21  |y PREZ 
952 |0 0  |1 1  |4 0  |7 0  |a SNK  |b SNK  |d 2003-01-03  |l 0  |o snkČD 93/50/1998  |p 17A0368631  |r 2005-01-02 00:00:00  |t č. 1-4  |w 2026-02-21  |y PREZ 
952 |0 0  |1 1  |4 0  |7 0  |a SNK  |b SNK  |d 2003-01-03  |l 0  |o snkČD 93/51/1999  |p 17A0368613  |r 2005-01-02 00:00:00  |t č. 1-2, neúplné  |w 2026-02-21  |y PREZ  |z Chýba č. 3-4 
952 |0 0  |1 0  |4 0  |7 0  |8 4  |a SNK  |b SNK  |d 2018-12-11  |i snk2018/26641  |l 0  |o snkČD 93/68/2016  |p 17A1341003  |r 2026-02-21 21:30:59  |t č. 1-4  |w 2026-02-21  |y PREZ 
952 |0 0  |1 1  |3 rekatalogizácia  |4 0  |7 0  |a SNK  |b SNK  |d 2005-09-06  |i snkČIP 856/70  |l 0  |o snkČD 93/21/1969  |p 17A0483203  |r 2026-02-21 21:40:15  |t č. 1-6  |w 2026-02-21  |y PREZ 
952 |0 0  |1 1  |4 0  |7 0  |8 4  |a SNK  |b SNK  |d 2009-02-17  |i snk2009/2846  |l 0  |o snkČD 93/59/2007/1  |p 17A0600704  |r 2026-02-21 21:40:45  |t č. 1-2  |w 2026-02-21  |y PREZ 
952 |0 0  |1 1  |4 0  |7 0  |8 4  |a SNK  |b SNK  |d 2009-02-17  |i snk2009/2849  |l 0  |o snkČD 93/59/2007/2  |p 17A0600705  |r 2026-02-21 21:40:45  |t č. 3-4  |w 2026-02-21  |y PREZ 
952 |0 0  |1 0  |4 0  |7 1  |8 4  |a SNK  |b SNK  |d 2017-03-08  |i snk2017/6323  |l 0  |o snkČD 93/67/2015  |p 17A1205216  |r 2026-02-21 22:03:47  |t č. 1-4  |w 2026-02-21  |y NEVYP 
952 |0 0  |1 0  |4 0  |7 0  |8 4  |a SNK  |b SNK  |d 2019-08-22  |i snk2019/21381  |l 0  |o snkČD 93/69/2017  |p 17A1368239  |r 2026-02-21 22:29:09  |t č. 1-4  |w 2026-02-21  |y PREZ